| 000 | 02384cam a22004334i 4500 | ||
|---|---|---|---|
| 003 | PE-LiUPU | ||
| 005 | 20250731183421.0 | ||
| 008 | 150625s r 000 0 d | ||
| 020 | _a8425220815 | ||
| 035 | _a(Sirsi) i9788425220814 | ||
| 035 | _a(Sirsi) i9788425220814 | ||
| 040 |
_aPE-LiUPU _bspa _cPE-LiUPU _erda |
||
| 049 | _aPRUA | ||
| 082 | 0 | 4 |
_a744 _bCh56 _221 |
| 100 | 1 |
_aChing, Francis D.K., _d1943- , _eautor. |
|
| 245 | 1 | 0 |
_aDibujo y proyecto / _cFrancis D.K. Ching y Steven P. Juroszek. |
| 264 | 1 |
_aBarcelona : _bGustavo Gili, _c2005. |
|
| 300 |
_a344 páginas : _bilustraciones, gráficos ; _c30 centímetros |
||
| 336 |
_atext _2rdacontent |
||
| 337 |
_aunmediated _2rdamedia |
||
| 338 |
_avolume _2rdacarrier |
||
| 500 | _aTítulo original: Design Drawing. | ||
| 505 | 0 | _aDibujo de observación. -Línea y forma. -Tono y textura. -Configuración y estructura. -Espacio y profundidad. -Sistemas gráficos de representación. -Sistemas pictóricos. -Dibujos con visión múltiple. -Dibujos con visión única axonométrica. -Visión perspectiva única. - Dibujo de imaginación. -Dibujo de especulación. -Diagramación. -Composición y dibujo. -Dibujo de presentación. | |
| 526 | _aP158 | ||
| 526 | _aP146 | ||
| 526 | _aP17 | ||
| 526 | _aP12 | ||
| 526 | _aP06 | ||
| 541 | _g001-000377; | ||
| 541 | _g015-0016383; | ||
| 650 | 0 | 4 |
_aDibujo técnico. _94614 |
| 942 |
_2ddc _cBOOK |
||
| 949 |
_a744 CH56 _wDEWEY _c1 _i57967 _d2015-11-18 _e2015-11-17 _lCCODEBUL1 _mBUL _n1 _p75.00 _r0 _sY _tBOOK _u2015-6-25 _xINGENIERIA _PP06 _0COMPRA _o.STAFF. Colección General |
||
| 949 |
_a744 CH56 _wDEWEY _c2 _i69707 _d2015-11-26 _e2015-11-26 _kCHECKEDOUT _lCCODEBUL1 _mBUL _n1 _p72.00 _rM _sY _tBOOK _u2015-6-25 _xINGENIERIA _PP06 _0COMPRA _o.STAFF. Colección General |
||
| 994 |
_aC0 _bPEPRU |
||
| 596 | _a1 | ||
| 999 |
_a744 CH56 _wDEWEY _c46949 _i57967 _d46949 _e2018-8-6 _f2021-11-10 _g7 _lCCODEBUL1 _mBUL _n3 _p75.00 _q5 _r0 _sY _tBOOK _u2015-6-25 _xINGENIERIA _PP06 _0COMPRA _o.STAFF. Colección General |
||
| 999 |
_a744 CH56 _wDEWEY _c2 _i69707 _d2015-11-26 _e2015-11-26 _kCHECKEDOUT _lCCODEBUL1 _mBUL _n1 _p72.00 _rM _sY _tBOOK _u2015-6-25 _xINGENIERIA _PP06 _0COMPRA _o.STAFF. Colección General |
||
| 980 |
_81 _gALBERTO SANCHEZ Responsable de Automatización |
||